00350pab a2200133 454500008004000000100001800040245003200058260000900090300001400099362001100113650003900124650001900163773003400182180718b2004 xxu||||| |||| 00| 0 eng d aKrishna, S.N. aFiscal reforms in Karnataka c2004 ap.894-96. a28 Feb aPublic finance - India - Karnataka aPublic finance aEconomic and Political Weekly